| 000 | 01082nam a2200289 i 4500 | ||
|---|---|---|---|
| 001 | bg | ||
| 100 | 1 | _aBUGAJNA-SPORCZYK, Dorota | |
| 245 | 1 | 0 |
_aWzory pism procesowych w sprawach cywilnych, gospodarczych i rejestrowych / _cDorota Bugajna-Sporczyk, Alfred Gola, Tadeusz Żyznowski. |
| 250 | _aWyd. 4 zm. | ||
| 260 |
_aWarszawa : _bWydaw. Prawnicze "LexisNexis", _c2002. |
||
| 300 |
_a833, [3] s. ; _c25 cm. |
||
| 500 | _aTyt. grzbiet.: Wzory pism procesowych. W wyd. poprz. nazwy aut.: Barbara Bryl, Alfred Gola, Tadeusz Żyznowski. | ||
| 650 | 9 |
_aKorespondencja urzędowa _zPolska |
|
| 650 | 9 |
_aPrawo cywilne procesowe _zPolska _ystan na 2001 r. |
|
| 650 | 9 |
_aPrawo gospodarcze _zPolska _ystan na 2001 r. |
|
| 650 | 9 |
_aSądownictwo _xdokumentacja _xprawo _zPolska _ystan na 2001 r. |
|
| 655 | _aTablice i wzory | ||
| 700 | 1 | _aGOLA, Alfred | |
| 700 | 1 | _aŻYZNOWSKI, Tadeusz | |
| 020 | _a8373340211 | ||
| 040 | _cBPK | ||
| 041 | 0 | _apl | |
| 080 | _a347.91/.95:346:651.7](438)(083) | ||
| 920 | _a83-7334-021-1 | ||
| 942 | _cKS | ||
| 008 | s pl f |000 0 pol | ||
| 999 |
_c40846 _d40846 |
||
| 856 |
_uhttp://koha.tu.koszalin.pl/cgi-bin/koha/opac-detail.pl?biblionumber=40846 _yKatalog online BPK |
||